|
|
|
|
| LEADER |
01222nam a2200265 a 4500 |
| 001 |
4491314 |
| 008 |
091010s1998 dcua b 000 0 eng d |
| 010 |
|
|
|a 97042033
|
| 020 |
|
|
|a 0821340859
|
| 040 |
|
|
|a DLC
|c DLC
|d DLC
|
| 082 |
0 |
0 |
|a 363.72/84/0947
|2 21
|
| 100 |
1 |
|
|a Somlyódy, L.
|q (László)
|
| 245 |
1 |
0 |
|a Municipal wastewater treatment in Central and Eastern Europe :
|b present situation and cost-effective development strategies /
|c László Somlyódy and Peter Shanahan.
|
| 260 |
|
|
|a Washington, D.C. :
|b World Bank,
|c c1998.
|
| 300 |
|
|
|a xvi, 145 p. :
|b ill. ;
|c 28 cm.
|
| 500 |
|
|
|a "A report for the Environmental Action Programme for Central and Eastern Europe."
|
| 504 |
|
|
|a Includes bibliographical references (p. 145)
|
| 541 |
1 |
|
|e 00007293
|
| 650 |
|
0 |
|a Sewage disposal
|z Europe, Eastern.
|
| 650 |
|
0 |
|a Sewage disposal
|z Europe, Eastern
|x Cost effectiveness.
|
| 700 |
1 |
|
|a Shanahan, Peter.
|
| 710 |
2 |
|
|a Environmental Action Programme for Central and Eastern Europe.
|
| 852 |
4 |
|
|a Ayesha Abed Library
|j General Shelf.
|
| 999 |
|
|
|c 4379
|d 4379
|
| 952 |
|
|
|0 0
|1 0
|2 ddc
|4 0
|6 363_728409470000000_SOM_1998
|7 0
|9 4073
|a BRACUL
|b BRACUL
|c GEN
|d 2009-10-10
|g 2068.00
|l 0
|o 363.72840947 SOM
|p 3010007293
|r 2009-10-10
|t 1
|w 2009-10-10
|y BK
|